Players of National Teams - Cameroon - Statistics

General Stats
  • This quiz has been taken 2 times
  • The average score is 3 of 28
Answer Stats
Pos. Team Player % Correct
RW Manchester United Bryan Mbeumo
100%
DM Brighton & Hove Albion Carlos Baleba
50%
LW AJ Auxerre Danny Namaso
50%
DM Genoa CFC Jean Onana
50%
RB Stoke City Junior Tchamadeu
50%
DM CS Sinop Arnold Maël Kamdem
0%
CM FC Lorient Arthur Avom
0%
CB USM Alger Che Malone
0%
RW Al-Okhdood Club Christian Bassogog
0%
FW Bayer 04 Leverkusen Christian Kofane
0%
CB Spartak Moscow Christopher Wooh
0%
LB FC Lorient Darlin Yongwa
0%
GK FC Dinamo 1948 Devis Epassy
0%
GK CS du Dja et Lobo Edouard Sombang
0%
CB CA Osasuna Enzo Boyomo
0%
FW FC Toulouse Frank Magri
0%
LW Al-Diraiyah Georges-Kevin N'Koudou
0%
CB Lokomotiv Moscow Gerzino Nyamsi
0%
RM Stade Brestois Junior Dina Ebimbe
0%
FW Levante UD Karl Etta Eyong
0%
LB Stade Rennais Mahamadou Nagida
0%
DM Rapid Wien Martin Ndzie
0%
LB Seattle Sounders Nouhou
0%
CM Başakşehir FK Olivier Kemen
0%
RW UD Almería Patrick Soko
0%
CB Stade Reims Samuel Kotto
0%
GK Montpellier HSC Simon Ngapandouetnbu
0%
GK Saint-Éloi Lupopo Simon Omossola
0%
No matching quizzes found
Score Distribution
Percent of People with Each Score
Percentile by Number Answered
Your Score History
You have not taken this quiz